000 00330nam a22001457a 4500
003 OSt
005 20160727222352.0
008 160622b xxu||||| |||| 00| 0 eng d
040 _cTest
100 _9427
_aLambert, L
245 _aBattle for Israel
260 _aUSA
_b Iyndale
_c1979
300 _aBattle for Israel
942 _2ddc
_cBK
999 _c350
_d350